000 00272nam a22001337a 4500
008 221121b ||||| |||| 00| 0 eng d
041 _aeng
080 _a61
082 _a61GAS
100 _a8
101 _aMJK
245 _aOSTEOLOGJIA
_cALUSH GASHI
942 _2udc
_cBK
999 _c58967
_d58967